Smart: (Registro nro. 9061)

Detalles MARC
000 -LEADER
fixed length control field 00814nam a2200205Ia 4500
005 - FECHA Y HORA DE LA ÚLTIMA TRANSACCIÓN
control field 20230831135215.0
008 - FIXED-LENGTH DATA ELEMENTS--GENERAL INFORMATION
fixed length control field 230823s9999 xx 000 0 und d
020 ## - INTERNATIONAL STANDARD BOOK NUMBER
International Standard Book Number 958-410-258-3
040 ## - CATALOGING SOURCE
Original cataloging agency UPAN
Transcribing agency Biblioteca San Vicente
Description conventions RCAA2
041 ## - LANGUAGE CODE
Language code of text/sound track or separate title spa
082 ## - DEWEY DECIMAL CLASSIFICATION NUMBER
Classification number 658.402
Item number C373s
año de publicación 2002
100 ## - MAIN ENTRY--PERSONAL NAME
Personal name Caracciolo, Annemarie
Relator code aut.
245 #0 - TITLE STATEMENT
Title Smart:
Remainder of title Lo fundamental y lo mas efectivo acerca del equipo/
Statement of responsibility, etc Annemarie Caracciolo
260 ## - PUBLICATION, DISTRIBUTION, ETC. (IMPRINT)
Place of publication, distribution, etc Colombia:
Name of publisher, distributor, etc McGraw Hill,
Date of publication, distribution, etc 2002
300 ## - PHYSICAL DESCRIPTION
Extent 249 p.;
Dimensions 21 cm.
505 ## - FORMATTED CONTENTS NOTE
Formatted contents note 1. 101 equipos<br/>2. ¿Qué constituye un equipo?<br/>3. Comunicación<br/>4. Liderazgo en el equipo<br/>5. Que hacer cuando el equipo no funciona<br/>6. Triunfe así<br/>7. la ayuda esta en camino<br/>8. Benchmarking de equipos
650 ## - SUBJECT ADDED ENTRY--TOPICAL TERM
Source of heading or term LEMB
General subdivision Grupos sociales
650 ## - SUBJECT ADDED ENTRY--TOPICAL TERM
Source of heading or term LEMB
Form subdivision Liderazgo
942 ## - ADDED ENTRY ELEMENTS (KOHA)
Koha item type Libros
Source of classification or shelving scheme Dewey Decimal Classification
Existencias
Withdrawn status Lost status Source of classification or shelving scheme Damaged status Not for loan Collection code Home library Current library Date acquired Total Checkouts Full call number Barcode Date last seen Copy number Price effective from Koha item type
    Dewey Decimal Classification     Colección General Biblioteca UPAN San Vicente Biblioteca UPAN San Vicente 23/08/2023   658.402 C373s 12001735 23/08/2023 01 23/08/2023 Libros
    Dewey Decimal Classification     Colección General Biblioteca UPAN San Vicente Biblioteca UPAN San Vicente 31/08/2023   658.402 C373s 12001734 31/08/2023 02 31/08/2023 Libros